| 000 | 00782nam a2200193 4500 | ||
|---|---|---|---|
| 008 | 171118b xxu||||| |||| 00| 0 eng d | ||
| 020 | _a0803970722 (acid-free paper) | ||
| 082 |
_21996 _aDC 364.115 _bB99d |
||
| 245 |
_aDo arrests and restraining orders work? / _ceditors, Eve S. Buzawa, Carl G. Buzawa. |
||
| 260 |
_aThousand Oaks, Calif. : _bSage Publications, _c©1996. |
||
| 300 |
_a284 pages : _billustration ; _c24 cm. |
||
| 500 | _aIncludes bibliographical references and indexes. | ||
| 650 | 0 |
_923479 _aMarital violence _xPrevention _zUnited States. |
|
| 650 | 0 |
_923480 _aArrest _zUnited States. |
|
| 650 | 0 |
_923481 _aRestraining orders _zUnited States. |
|
| 700 |
_923482 _aBuzawa, Eva Schlesinger. editor. |
||
| 700 |
_923483 _aBuzawa, Carl G. editor. |
||
| 942 |
_2ddc _cDC |
||
| 999 |
_c7781 _d7781 |
||